000 00534nam a22001817a 4500
003 MN-UlNLM
005 20250122144722.0
008 241017s2021 mp ||||| |||| 00| 0 mon d
020 _a9789919500788
040 _bmon
084 _2NNA
_a63.3(5Мон)61
_bБ 547
_q63
100 1 _aБолд Р.
245 1 _aБүрэн эрхээ хязгаарлуулсан тусгаар тогтнол
_b1921-1925
_cХян. Ц.Батбаяр
260 1 _aУБ
_bНепко хэвл
_c2021
300 _a210х
546 _amon
942 _cBK
999 _c1145443
_d1145500